| 000 | 00459nam a22001817a 4500 | ||
|---|---|---|---|
| 003 | CEME | ||
| 005 | 20210628203419.0 | ||
| 008 | 210118b xxu||||| |||| 00| 0 eng d | ||
| 020 | _a0-07-145544-2 | ||
| 040 | _cceme | ||
| 082 | _a668.374 PET | ||
| 100 |
_aPetrie, Edward M. _965284 |
||
| 245 | _aEpoxy adhesive formulations | ||
| 260 |
_aUSA _bMCGRAW HILL _c2006 |
||
| 300 | _aXV, 535P | ||
| 650 |
_aEPOXY ADHESIVE FORMULATIONS _965285 |
||
| 942 |
_cBK _2ddc |
||
| 999 |
_c573548 _d573548 |
||